000 00507nam a2200181Ia 4500
005 20250508151906.0
008 008 250505s9999 xx 000 0 eng d
037 _aTextual
040 _aFEDL
_beng
_cFEDL
041 _aeng
_2eng
084 _a376, PAT
_qFEDL
100 _aPatvardhan NA. M.
_9760304
245 0 _aAamchya induchey shikshan (Mrathi)
260 _aMumbai, India
_bKeshav Bhikaji Dhavley
_c1936
300 _a176p.
942 _cTEXL
_h376, PAT
999 _c1332751
_d1332751